000 00233nam a2200097Ia 4500
001 860871
005 20250826175400.0
008 250824s9999 xx 000 0 und d
245 0 _aeve dönüş yolu
_ccorrinne averiss
260 _bKETEBE
999 _c860871
_d860871